|
|
|
|
| LEADER |
00000nam0a2200000 4500 |
| 001 |
25895 |
| 005 |
20231030201223.0 |
| 010 |
|
|
|a 5020038423
|
| 035 |
|
|
|a (RuTPU)RU\TPU\book\26133
|
| 035 |
|
|
|a BOOK00000049
|
| 090 |
|
|
|a 25895
|
| 100 |
|
|
|a 20011209d1993 k y0rusy50 ca
|
| 101 |
0 |
|
|a rus
|
| 102 |
|
|
|a RU
|
| 105 |
|
|
|a a z 001zy
|
| 200 |
1 |
|
|a Формирование и многолетние изменения водного режима Восточно-Европейской равнины
|f Р. К. Клиге, А. М. Воронов, А. О. Селиванов
|
| 210 |
|
|
|a Москва
|c Наука
|d 1993
|
| 215 |
|
|
|a 126 с.
|c ил.
|
| 320 |
|
|
|a Библиогр.: с. 121-127.
|
| 610 |
1 |
|
|a воды поверхностные
|
| 610 |
1 |
|
|a водный режим
|
| 610 |
1 |
|
|a Восточно-Европейская равнина
|
| 610 |
1 |
|
|a Россия
|
| 610 |
1 |
|
|a временные срезы
|
| 610 |
1 |
|
|a Каспийское море
|
| 675 |
|
|
|a 556.1(47)
|v 3
|
| 700 |
|
1 |
|a Клиге
|b Р. К.
|g Рудольф Карлович
|
| 701 |
|
1 |
|a Воронов
|b А. М.
|g Александр Михайлович
|
| 701 |
|
1 |
|a Селиванов
|b А. О.
|g Андрей Олегович
|
| 801 |
|
0 |
|a RU
|b 63413507
|c 20011209
|g PSBO
|
| 801 |
|
2 |
|a RU
|b 63413507
|c 20091019
|g PSBO
|
| 900 |
|
|
|a Формирование водных ресурсов
|
| 942 |
|
|
|c BK
|